FIFAランキング(ロシアワールドカップ前) - Statistics

General Stats
  • This quiz has been taken 277 times
  • The average score is 8 of 10
Answer Stats
順位 % Correct
1位 ドイツ
99%
2位 ブラジル
99%
7位 フランス
98%
5位 アルゼンチン
97%
10位 スペイン
95%
4位 ポルトガル
86%
3位 ベルギー
85%
6位 スイス
53%
8位 ポーランド
50%
9位 チリ
39%
No matching quizzes found
Score Distribution
Percent of People with Each Score
Percentile by Number Answered
Your Score History
You have not taken this quiz